000 00626nam a2200193 i 4500
001 102857
003 ES-MaACL
005 20231227153618.0
007 t|
008 051214s1867 fr ||||1| spa d
080 _a821.134.2-14"18"
100 1 _aEspronceda, José de,
_d1808-1842
_947951
245 1 0 _aObras poéticas /
_cde José de Espronceda ; ordenadas y anotadas por J. E. Hartzenbuch.
260 _aParis :
_b[s.n.],
_c1867 (
_fE. Thunot et Cie)
300 _aXXII, 344 p. ;
_c22 cm.
700 1 _aHartzenbusch, Juan Eugenio,
_d1806-1880
_962011
852 _aES-MaACL
_jB-1865
999 _c102857
_d102857